Intermediate Accounting Comprehensive Volume

Saved in:
Bibliographic Details
Main Author: Smith, Jay M.
Other Authors: Skousen, Fred K.
Format: Book
Language:English
Published: Cincinnati South-Western Publishing Co. 1987
Edition:9. ed.
Subjects:
Tags: Add Tag
No Tags, Be the first to tag this record!

MARC

LEADER 00000nam a2200000 4500
001 c000439
005 20221219121106.5
020 |a 0-538-01921-2 
041 0 |a eng 
044 |a US 
245 1 0 |a Intermediate Accounting  |b Comprehensive Volume  |c Jay M. Smith, Fred K. Skousen 
250 |a 9. ed. 
264 1 |a Cincinnati  |b South-Western Publishing Co.  |c 1987 
300 |a 1240 s. 
610 2 0 |a účtovníctvo 
610 2 0 |a účty 
610 2 0 |a aktíva 
610 2 0 |a investície 
610 2 0 |a pohľadávky 
610 2 0 |a zásoby 
610 2 0 |a akcie 
610 2 0 |a pasíva 
610 2 0 |a papiere cenné 
610 2 0 |a dôchodok podniku 
610 2 0 |a účtovníctvo finančné 
610 2 0 |a rozbory činnosti hospodárskej 
100 1 |a Smith, Jay M. 
700 1 |a Skousen, Fred K.